Statistics for Football in the 2000s

Click here to take the quiz!

General Stats

  • This quiz has been taken 69 times
    (63 since last reset)
  • The average score is 76 of 84

Answer Stats

HintAnswer% Correct
2002 World CupBrazil
100%
European Cup 1989/90 | European Cup 1991/92 | La Liga 1990/91 | +3 othersReal Madrid
100%
Ballon d'Or 1998Cristiano Ronaldo
100%
Ballon d'Or 1992Ronaldo
100%
1990/00 | 2000/01 | 2002/03 | +4 othersManchester United
100%
2001/02 | 2003/04Arsenal
100%
2004/05 | 2005/06Chelsea
100%
Serie A 1991/92 | Serie A 1992/93Juventus
100%
2006 World CupItaly
100%
Bundesliga 1989/90 | Bundesliga 1990/91 | Bundesliga 1992/93 | +4 othersBayern Munich
100%
Champions League 1995/96 | Champions League 1998/99 | La Liga 1994/95 | +2 othersBarcelona
100%
Serie A 1995/96 | Serie A 1996/97 | Serie A 1997/98 | Serie A 1998/99Inter Milan
98%
Serie A 1993/94Milan
98%
Ballon d'Or 1999Lionel Messi
98%
La Liga 1991/92 | La Liga 1993/94Valencia
96%
UEFA Euro 2008Spain
96%
Eredivisie 1991/92 | Eredivisie 1993/94Ajax
95%
UEFA Euro 2000France
95%
Bundesliga 1991/92Borussia Dortmund
95%
Champions League 1994/95Liverpool
93%
French Division 1 1991/92 | French Division 1 1992/93 | French Division 1 1993/94 | +4 othersLyon
91%
Eredivisie 1989/90 | Eredivisie 1990/91 | Eredivisie 1992/93 | +4 othersPSV Eindhoven
89%
UEFA Euro 2004Greece
89%
Serie A 1990/91Roma
88%
Champions League 1993/94Porto
88%
Champions League 1992/93 | Champions League 1996/97Milan
86%
Serie A 1989/90Lazio
82%
Ballon d'Or 1995Ronaldinho
82%
French Division 1 1989/90Monaco
80%
Ballon d'Or 1997Kaká
80%
French Division 1 1998/99Bordeaux
71%
Bundesliga 1998/99Wolfsburg
68%
La Liga 1989/90Deportivo La Coruña
64%
Ballon d'Or 1996Fabio Cannavaro
64%
Ballon d'Or 1990Luís Figo
63%
Ballon d'Or 1991Michael Owen
61%
Bundesliga 1996/97Stuttgart
61%
Bundesliga 1993/94Werder Bremen
55%
Ballon d'Or 1994Andriy Shevchenko
52%
French Division 1 1990/91Nantes
50%
Eredivisie 1998/99AZ Alkmaar
38%
Ballon d'Or 1993Pavel Nedvěd
38%

Score Distribution

Percentile by Number Answered

Percent of People with Each Score

Your Score History

You have not taken this quiz since the last reset